Región a jeho chápanie

Vymedzenie regiónu ako objektu realizácie regionálnej politiky. Chápanie pojmu región. Charakteristika jednotlivých regiónov. Rozdelenie podľa štruktúry - regióny homogénne a nodálne (uzlové, spádové alebo funkčné). Rozvojové regióny, regióny pólov rastu, regióny osí vývoja a rastu. Členenie podľa o...

Descripción completa

Guardado en:
Detalles Bibliográficos
Autor principal: Uhrinová, D.
Formato: Capítulo de libro
Lenguaje:eslovaco
Materias:
Etiquetas: Agregar Etiqueta
Sin Etiquetas, Sea el primero en etiquetar este registro!

MARC

LEADER 00000naa a2200000 4500
001 r017841
005 20221213101417.6
041 0 |a slo 
044 |a SK 
245 1 0 |a Región a jeho chápanie  |c D. Uhrinová 
520 |a Vymedzenie regiónu ako objektu realizácie regionálnej politiky. Chápanie pojmu región. Charakteristika jednotlivých regiónov. Rozdelenie podľa štruktúry - regióny homogénne a nodálne (uzlové, spádové alebo funkčné). Rozvojové regióny, regióny pólov rastu, regióny osí vývoja a rastu. Členenie podľa obsahu - individuálne alebo typologické. Geografické komplexné alebo integrálne regióny. Administratívne regióny. 
610 2 0 |a regióny 
610 2 0 |a regionalizácia 
610 2 0 |a pojmy 
610 2 0 |a politika regionálna 
610 2 0 |a ekonomika priestorová 
100 1 |a Uhrinová, D.